Alfabet od A do Z - Statystyki

Ogólne statystyki
  • Ten quiz został rozwiązany 89 razy
  • Średni wynik to 11 z 32
Statystyki odpowiedzi
Odpowiedź % Poprawnych
a
100%
ą
76%
b
67%
c
64%
ć
64%
d
62%
e
60%
ę
55%
f
45%
g
43%
h
40%
i
40%
j
40%
k
40%
l
40%
ł
33%
m
31%
n
29%
ń
26%
o
26%
ó
17%
p
17%
r
14%
s
12%
ś
7%
t
2%
u
2%
w
2%
y
2%
z
2%
ź
2%
ż
2%
Nie znaleziono quizów pasujących do podanych kryteriów
Rozkład punktacji
Procent ludzi z każdym wynikiem
Percentyl według liczby udzielonych odpowiedzi
Twoja historia wyników
Nie rozwiązałeś tego quizu